000 00490nam a2200181 i 4500
001 131379
003 ES-MaACL
005 20230906193953.0
007 t|
008 070214s1979 sp |||| | spa d
100 1 _aRodríguez, Leandro.
_998271
245 1 0 _aHombres y pueblos de España /
_cLeandro Rodríguez.
250 _a1ª ed.
260 _aSantander :
_bCervantina,
_c1979.
300 _a186 p. ;
_c21 cm.
651 4 _aEspaña-
_xHistoria.
_98209
852 _aES-MaACL
_jL-2307
999 _c131379
_d131379